Worldwide inflation; Theory and recent experience (Record no. 14891)
[ view plain ]
| 000 -LEADER | |
|---|---|
| fixed length control field | 00318nam a22001217a 4500 |
| 020 ## - INTERNATIONAL STANDARD BOOK NUMBER | |
| International Standard Book Number | 0815750293 |
| 082 ## - DEWEY DECIMAL CLASSIFICATION NUMBER | |
| Classification number | 332.14 WOR |
| 245 ## - TITLE STATEMENT | |
| Title | Worldwide inflation; Theory and recent experience |
| 260 ## - PUBLICATION, DISTRIBUTION, ETC. | |
| Place of publication, distribution, etc. | London |
| Name of publisher, distributor, etc. | The brookings, Institution |
| Date of publication, distribution, etc. | 1977 |
| 300 ## - PHYSICAL DESCRIPTION | |
| Extent | xi, 686p. |
| Other physical details | ill,24cm. |
| 500 ## - GENERAL NOTE | |
| General note | Include index |
| 942 ## - ADDED ENTRY ELEMENTS (KOHA) | |
| Koha item type | Books |
| Withdrawn status | Lost status | Source of classification or shelving scheme | Damaged status | Not for loan | Home library | Current library | Shelving location | Date acquired | Full call number | Barcode | Date last seen | Price effective from | Koha item type |
|---|---|---|---|---|---|---|---|---|---|---|---|---|---|
| Dewey Decimal Classification | IFM Main Campus Library | IFM Main Campus Library | 01/25/2016 | 332.14 WOR | 0000010060 | 01/25/2016 | 01/25/2016 | Books | |||||
| Dewey Decimal Classification | IFM Main Campus Library | IFM Main Campus Library | 01/25/2016 | 332.14 WOR | 0000010059 | 01/25/2016 | 01/25/2016 | Books |
